[Event "BL2 Ost 0708 (Women)"]
[Site "Germany"]
[Date "2008.01.13"]
[Round "5.4"]
[White "Benzen, Marthe"]
[Black "Hobusch, Sandra"]
[Result "1-0"]
[WhiteElo "1829"]
[BlackElo "1756"]
[PlyCount "73"]
[EventDate "2007.11.10"]
[EventType "team-tourn"]
[EventRounds "7"]
[EventCountry "GER"]
[SourceTitle "EXT 2009"]
[Source "ChessBase"]
[SourceDate "2008.11.26"]
[SourceVersion "1"]
[SourceVersionDate "2008.11.26"]
[SourceQuality "1"]
[WhiteTeam "Kiel Doppelbauer (W) II"]
[BlackTeam "Braunschweig (W)"]
[WhiteTeamCountry "GER"]
[BlackTeamCountry "GER"]

1. e4 c5 2. Nf3 Nc6 3. d4 cxd4 4. Nxd4 Nf6 5. Nc3 g6 6. Be3 Bg7 7. Be2 0-0 8. Qd2 a6 9. 0-0-0 Qc7 10. g4 d6 11. g5 Ng4 12. Nd5 Qd8 13. Bxg4 Bxg4 14. f3 Nxd4 15. fxg4 Nf3 16. Qg2 Ne5 17. h4 Rc8 18. h5 Nc4 19. Bd4 e5 20. Bf2 Qxg5+ 21. Kb1 Qd8 22. Qh3 g5 23. Qb3 b5 24. Qb4 Re8 25. Rh3 Qd7 26. Rg1 Qc6 27. Rf1 a5 28. Qe1 b4 29. h6 Bh8 30. Be3 Qb5 31. Bxg5 Na3+ 32. bxa3 bxa3+ 33. Rb3 Qc5 34. Ne7+ Rxe7 35. Bxe7 a4 36. Rb7 Qc6 37. Qb4 1-0